रामविलास शर्मा: (Record no. 1466826)

MARC details
000 -LEADER
fixed length control field 00999 a2200229 4500
005 - DATE AND TIME OF LATEST TRANSACTION
control field 20260213162832.0
008 - FIXED-LENGTH DATA ELEMENTS--GENERAL INFORMATION
fixed length control field 260213b |||||||| |||| 00| 0 eng d
020 ## - INTERNATIONAL STANDARD BOOK NUMBER
International Standard Book Number 9789392998669 (hbk)
037 ## - SOURCE OF ACQUISITION
Terms of availability TB
040 ## - CATALOGING SOURCE
Original cataloging agency CRL
Transcribing agency CRL
041 ## - LANGUAGE CODE
Source of code hin
Language code of text/sound track or separate title hin
084 ## - COLON CLASSIFICATION NUMBER
Classification number O152,6N12x R4
Assigning agency CRL
100 ## - MAIN ENTRY--PERSONAL NAME
Personal name शर्मा, विजय मोहन
9 (RLIN) 861557
245 ## - TITLE STATEMENT
Title रामविलास शर्मा:
Remainder of title प्रतिनिधि निबंध
260 ## - PUBLICATION, DISTRIBUTION, ETC.
Place of publication, distribution, etc. दिल्ली, भारत:
Name of publisher, distributor, etc. नयी किताब प्रकाशन,
Date of publication, distribution, etc. 2024.
300 ## - PHYSICAL DESCRIPTION
Extent 175पृ.
365 ## - TRADE PRICE
Price amount 400.00
Currency code INR
650 ## - SUBJECT ADDED ENTRY--TOPICAL TERM
Topical term or geographic name entry element हिन्दी निबंध
9 (RLIN) 1115843
650 ## - SUBJECT ADDED ENTRY--TOPICAL TERM
Topical term or geographic name entry element हिन्दी साहित्य
9 (RLIN) 1115844
942 ## - ADDED ENTRY ELEMENTS (KOHA)
Koha item type Textbook
Source of classification or shelving scheme Colon Classification (CC)
Suppress in OPAC No
Classification part O152,6N12x R4
Holdings
Withdrawn status Lost status Source of classification or shelving scheme Damaged status Not for loan Home library Current library Date acquired Source of acquisition Cost, normal purchase price Inventory number Total Checkouts Full call number Barcode Date last seen Cost, replacement price Price effective from Koha item type
    Colon Classification (CC)     Central Library Central Library 2026-01-29 95/ अनन्य प्रकाशन 320.00 AP-50 & 2026-01-14   O152,6N12x R4 CL1925567 2026-01-29 400.00 2026-01-29 Textbook
Copyright @ Delhi University Library System